00786nam a2200205Ia 4500001000700000008004100007020002200048082001800070100001700088245012100105250001100226260004200237300003800279500010000317503006700417650001900484650001700503650001600520700004400536Z_6312220601s9999 xx 000 0 und d a978-607-15-0504-0 a574 K37b 2011 aKarp, Gerald aBiología celular y molecular : conceptos y experimentos / Gerald Karp; traducción Martha Elena Araiza Martínez a6a ed. aMéxico : McGraw Hill Interamericana axx, 765 p. (paginación variada) aTraducido de la obra en inglés: Cell and molecular biology: concepts and experiments del 2010 aej.1: 0068 \ ej.2: 0069 \ ej.3: 0070 \ ej.4: 0071 \ ej.5: 0072 a1. Biología  aCitología  aBiofísica aAraiza Martínez, Martha Elena, tr.Ì